| 000 | 01327nam0a2200289 4500 | ||
|---|---|---|---|
| 001 | RU\NLR\bibl\1183208 | ||
| 005 | 20250615092813.0 | ||
| 021 |
_aRU _b2007-86508 _94670 |
||
| 035 | _a(NLR Aleph) 001169798 | ||
| 090 |
_a1590107 _c1590107 |
||
| 100 | _a20080204d2007 |||y0rusy50 ca | ||
| 101 | 0 | _arus | |
| 102 | _aRU | ||
| 105 | _ay ||||||||| | ||
| 200 | 1 |
_aЛекции по курсу "Управление в таможенных органах" _eдля студентов специальности 350900 "Таможенное дело" _fЧудесова Н.Н. _gФедер. агентство по образованию, Майкоп. гос. технол. ун-т, Каф. менеджмента |
|
| 210 |
_aМайкоп _cГлобус _d2007 |
||
| 215 |
_a24 с. _d21 |
||
| 320 | _aБиблиогр.: с. 22 (5 назв.) | ||
| 606 | 1 |
_aТаможенное дело _jУчебные издания для высших учебных заведений _xУправление _yРоссийская Федерация _92085098 _3RU\NLR\auth\661261207 |
|
| 686 | _aХ621.165.203.1я73 | ||
| 700 | 1 |
_aЧудесова _bН. Н. _gНаталья Николаевна _4070 |
|
| 801 | 0 |
_aRU _bNLR _c20080204 _gRCR |
|
| 801 | 1 |
_aRU _bNLR _c20080204 |
|
| 830 | _aпо ЭК | ||
| 942 | _cBOOK | ||
| 980 | _aNB | ||